Регионална библиотека "Любен Каравелов" - Русе

Прабългари (Запис номер 57849)

MARC детайли
000 -Лидер
Контролно поле с фиксирана дължина 01501nam a2200349 c 4500
003 - Код на организацията, давaща контролен номер
Контролно поле BLK
005 - Дата и час на последна редакция
Контролно поле 20221209090002.0
008 - Елементи от данни с фиксирана дължина
fixed length control field 180408b bul|||||r ||||||| ||bul||
010 ## - Наследен системен номер
LC control number KNG00061862000
040 ## - Източник на каталожния запис
Идентификатор на билиотеката - собственик на записа BLK
041 ## - Код за език
Код за езика на текст/звукозапис или на отделно заглавие Български
Код за езика КДБФ Български
080 ## - УДК
Текстов определител УДК Специална библиография
УДК код - определител по УДК 016
УДК определител :949.72.01
УДК - код + определител 016:949.72.01
080 ## - УДК
Текстов определител УДК Първобитнообщинен строй - палеолит, мезолит, неолит, бронзова епоха, ранна желязна епоха. Вж и 902(497.2)
УДК код - определител по УДК 94(497.2)"-12"
УДК определител (01)
УДК - код + определител 94(497.2)"-12"(01)
100 1# - Редна дума - Автор
Автор Чолов, Петър Иванов
Авторска отговорност първи автор
R(LIN) 255755
139 ## - Редно поле
Редна дума Чолов, Петър
Авторски знак Чол - Ч 90
245 10 - Сведения за заглавието
Заглавие Прабългари
Подзаглавни данни Библиогр. указател
Редно поле (дума) Петър Иванов Чолов; с предг. от Веселин Бешевлиев.
257 ## - Страна на издаване
Страна на създаване/издаване България
260 ## - Област на издателските данни
Място на издаване, разпространение и проч. София
Име на издателя, разпространителя и проч. Нар. библ. Св. св. Кирил и Методий
Година на издаване 1981
300 ## - Физическа характеристика
Страници 203 с.
Размери/Мащаб 20 см
380 ## - Жанр
Жанр Общ отдел
500 ## - Общи забележки
Забележка Именни показалци
650 #4 - Допълнително описание по предмет – тема
Основно описание – тема или топоним Прабългари - библиографии
9 (RLIN) 287910
653 ## - Ключова дума – ненормативна
Ключова дума история
653 ## - Ключова дума – ненормативна
Ключова дума прабългари
653 ## - Ключова дума – ненормативна
Ключова дума библиографски указатели
700 1# - Други автори (авторска отговорност)
Лично име Бешевлиев, Веселин
Автороска отговорност (Описва отношението между автора и произведението) с предг. от
9 (RLIN) 369611
852 ## - Местоположение
Форматна сигнатура Цб 108115
856 4# - Електронен адрес и достъп
Електронен формат pdf - файл
Инструкция (цена за достъп) 0.00
Права за достъп disable
856 4# - Електронен адрес и достъп
Електронен формат pdf - файл
Инструкция (цена за достъп) 0.00
Права за достъп disable
999 ## - СИСТЕМНИ КОНТРОЛНИ НОМЕРА
Koha biblionumber 57849
Koha biblioitemnumber 57849
942 ## - АРТИКУЛИ
Вид на библиотечния материал Книги
Скрит в OPAC Не
Периодичен библиозапис Да
944 ## - СЪЗДАВАНЕ И РЕДАКЦИЯ на ЗАПИСА
Създаване/Редакция Създаване
Дата на регистрацията/редакция 13.06.2004
Служител, извършил регистрацията/редакцията Наталия_Медовщикова
944 ## - СЪЗДАВАНЕ И РЕДАКЦИЯ на ЗАПИСА
Създаване/Редакция Редакция
Дата на регистрацията/редакция 16.12.2014
944 ## - СЪЗДАВАНЕ И РЕДАКЦИЯ на ЗАПИСА
Създаване/Редакция Редакция
Дата на регистрацията/редакция 2022-12-09
Служител, извършил регистрацията/редакцията Христина Везирева
999 ## - СИСТЕМНИ КОНТРОЛНИ НОМЕРА
Koha biblioitemnumber 57849
Наличности
Код за отписване Код за изгубен артикул Източник на класификационната схема Код за повреда Коз за рестрикции Код за отдаване Артикулен № Име на библиотеката - собственик Име на библиотеката, в която се намира в момента Статус (Текущо местоположение) Дата на вписване в системата Местоположение - отдел Цена в лева Инвентарен номер Систематично азбучна сигнатура Баркод Номер на екземпляра Цена в евро Служебна бележка Служебен тип на артикула
Изтеглен Не е изгубен Universal Decimal Classification Не е повреден без рестрикции ползва се в читалня 94567 Регионална библиотека "Любен Каравелов" Русе Регионална библиотека "Любен Каравелов" Русе Читалня - справочен фонд 1993-01-01 Читалня - справочен фонд 1.60 370033 СЧ 016:92/Ч90П 370033 1 0.82 Дата инв: 31.03.2017 Бележки инв: СЧ2017 Книги
  Не е изгубен Universal Decimal Classification Не е повреден само за читалня ползва се в читалня 94568 Регионална библиотека "Любен Каравелов" Русе Регионална библиотека "Любен Каравелов" Русе СБИД 1981-01-01 СБИД 1.60 368518 С 016:94(497.2)/Ч 90 П 120000368518 2 0.82 N: стар фонд Дата: 01.01.1981 Дата инв: 08.06.2017 Бележки инв: С2017 Книги
  Не е изгубен Universal Decimal Classification Не е повреден без рестрикции ползва се в читалня 94569 Регионална библиотека "Любен Каравелов" Русе Регионална библиотека "Любен Каравелов" Русе Хранилище 1981-01-01 Хранилище 1.60 324584 Цб 108115 120000324584 3 0.82 N: стар фонд Дата: 01.01.1981 Книги
Изтеглен Не е изгубен Universal Decimal Classification Не е повреден без рестрикции ползва се в читалня 94570 Регионална библиотека "Любен Каравелов" Русе Регионална библиотека "Любен Каравелов" Русе Хранилище 1981-01-01 Основен фонд - ползва се само за читалня 0.00 368519 Цб 108115 368519 4 0.00 N: стар фонд Дата: 01.01.1981 Книги
Изтеглен Не е изгубен Universal Decimal Classification Не е повреден без рестрикции ползва се в читалня 94571 Регионална библиотека "Любен Каравелов" Русе Регионална библиотека "Любен Каравелов" Русе Заемна - справочен фонд 1981-01-01 Заемна - справочен фонд 1.60 370032 СП 016:949.72/Ч 90 370032 5 0.82 N: стар фонд Дата: 01.01.1981 Дата инв: 15.02.2018 Бележки инв: СП2018 Книги
Vip Innovations Ltd, Rousse, Bulgaria 2025